[Event "Laukaa We LaukSK"]
[Site "Laukaa"]
[Date "1999.??.??"]
[Round "4"]
[White "Luukkonen, Tommi"]
[Black "Malcsev, Aleksander"]
[Result "0-1"]
[WhiteElo "2162"]
[BlackElo "2355"]
[PlyCount "98"]
[EventDate "1999.??.??"]
[EventType "swiss"]
[EventRounds "5"]
[EventCountry "FIN"]
[SourceTitle "EXT 2001"]
[Source "ChessBase"]
[SourceDate "2000.11.22"]
[SourceVersion "1"]
[SourceVersionDate "2000.11.22"]
[SourceQuality "1"]

1. e4 c5 2. Nf3 Nc6 3. d4 cxd4 4. Nxd4 g6 5. c4 Bg7 6. Be3 Nf6 7. Nc3 Ng4 8. Qxg4 Bxd4 9. Bxd4 Nxd4 10. 0-0-0 e5 11. Qg3 d6 12. f4 f6 13. c5 Be6 14. f5 Bf7 15. fxg6 hxg6 16. cxd6 Qxd6 17. Bb5+ Kf8 18. Rhf1 Kg7 19. Kb1 Rac8 20. h4 Qb4 21. Rxf6 Kxf6 22. Qg5+ Kg7 23. Qxe5+ Kh7 24. Rxd4 Qc5 25. Qf6 Rhf8 26. Rd7 Rc7 27. Rxc7 Qxc7 28. Qg5 Qd8 29. Qc5 b6 30. Qe5 Qxh4 31. g3 Qh1+ 32. Kc2 Qg2+ 33. Be2 Rc8 34. Kd2 Rd8+ 35. Kc2 Rd7 36. Qf4 Bc4 37. Qg4 Rf7 38. e5 Bxe2 39. Nxe2 Qd5 40. Qh4+ Kg7 41. Qd4 Qxd4 42. Nxd4 Rf2+ 43. Kc3 Rg2 44. b4 Rxa2 45. Kc4 a5 46. b5 a4 47. Kd5 a3 48. Kc6 Rd2 49. Nb3 Rb2 0-1